00254nam a2200097Ia 45000010005000000080041000050820026000461000024000722450033000962600027001292923241024s9999 xx 000 0 und d a[*SIN CLASIFICACION*] aEditora D Géneros 0aPioneros en nuestra historia bEd. de Génerosc2013